| 000 | 00946cam a2200277 a 4500 | ||
|---|---|---|---|
| 001 | 15390264 | ||
| 003 | SISC | ||
| 005 | 20160304151752.0 | ||
| 008 | 080731s2008 nyua j 000 0 eng | ||
| 010 | _a 2008298380 | ||
| 020 | _a9780439671729 (pbk.) | ||
| 020 | _a0439671728 (pbk.) | ||
| 040 |
_aDLC _cDLC _dDLC |
||
| 050 | 0 | 0 |
_aPN 6371.5 _b.K88 2008 |
| 082 |
_aHS 818.02 _bK84 2008 |
||
| 100 | 1 |
_aKowitt, Holly. _914729 |
|
| 245 | 1 | 0 |
_aToo funny! : _b234 laugh-out-loud jokes / _cHolly Kowitt. |
| 260 |
_aNew York : _bScholastic, _cc2008. |
||
| 300 |
_a63 p. ; _bill., _c20 cm. |
||
| 650 | 0 |
_aWit and humor, Juvenile. _914730 |
|
| 650 | 0 |
_aRiddles, Juvenile. _914731 |
|
| 906 |
_a7 _bcbc _corigres _d2 _encip _f20 _gy-gencatlg |
||
| 942 |
_2lcc _cBK |
||
| 999 |
_c9699 _d9699 |
||